Učitavanje...

GARDEN FLOWERS IN COLOR

Bibliografski detalji
Glavni autor: SWARUP,Vishnu
Format: Printed Book
Izdano: NEW DELHI NATIONAL BOOK TRUST 1967
Teme:
LEADER 00503nam a2200205 4500
020
037
082 |a 582.13 SWA 
100 |a SWARUP,Vishnu 
245 |a GARDEN FLOWERS IN COLOR  |h English 
250
260 |a NEW DELHI  |b NATIONAL BOOK TRUST  |c 1967 
300 |a 261  |f HB 
500
590
630
650 |a GARDEN FLOWER 
942 |c REF 
999 |c 167506  |d 167506 
952 |0 0  |1 0  |4 0  |6 582_130000000000000_SWA  |7 0  |9 180949  |a BOT  |b BOT  |l 0  |o 582.13 SWA  |p BOT2582  |r 2019-10-25  |w 2019-10-25  |y REF